000 02471nam0a2200373 4500
001 RU\NLR\bibl\1754789
005 20260405195813.0
021 _aRU
_b2011-19205
_91359
035 _a(nilc)RSL-KNO-004915568
035 _aKML\BIBL\0000019907
035 _a(NLR Aleph) 001745630
090 _a1486844
_c1486844
100 _a20110330d2010 |||y0rusy50 ca
101 0 _arus
102 _aRU
105 _ay |||||||||
200 1 _aОхотница под созвездием Мамба
_e[роман]
_fНора Филиппова
210 _aМосква
_cАСТ
_cАстрель
_aВладимир
_cВКТ
_d2010
215 _a317, [2] с.
_d21
300 _aНа 4-с. обл. авт.: Ирина Борисова (псевд. Нора Филиппова)
330 _aМожно ли стать творцом собственного счастья? А взять судьбу в свои руки? На сайте знакомств <Мамба> возможно все, утверждает главная героиня Нора. В продолжении нашумевшего романа <Нежена> она начинает новую жизнь. Как по мановению волшебной палочки ежедневно перед ней проносятся тысячи судеб, открывается миллион путей и возможностей. Но кого же она выберет: бизнесмена, биолога или видного олигарха? Будет ли чувство взаимно? А главное, принесет ли долгожданное счастье? Неужели пара кликов мышкой и перезвон клавиш клавиатуры помогут Норе среди вороха лиц и анкет найти свою вторую половинку и создать новую семью?
686 _aШ5(2=Р)75-644
_2rubbk
686 _a0660
_aРоссийская сентиментальная литература
_2TCC-BG
686 _aШ6(2=Р)8-440.4
700 1 _4070
_7ca
_8rus
_aФилиппова
_bН.
_cписатель
_gНора
_970395
_3RU\NLR\auth\7787467
801 0 _aRU
_bРКП
_c20110330
_grcr
801 1 _aRU
_bРГБ
_c20110330
801 2 _aRU
_bЦУНБ Москва
_c20110628
_grcr
801 2 _aRU
_bNLR
_c20110405
_grcr
942 _cBOOK
980 _aNB